000 00502nam a2200181Ia 4500
003 GCL
008 140319s9999 xx 000 0 eng d
040 _aGCL /
_cGCL
082 0 4 _a681.75
_bE D
100 1 _aEL HEFNI, G.M
245 1 0 _aDIRECTORY OF SCIENTIFIC EQUIPMENTS /
_cEL HEFNI, G.M
260 _a[S.N] :
_bACADEMY OF SCIENTIFIC RESEARCH AND TECHNOLOGY ،
_c1975
300 _a199 P
650 0 4 _aSCIENCE
650 0 4 _aSCIENCE - EQUIPMENTS
650 0 4 _aSCIENCE - TESTING
942 _2ddc
_cBK
999 _c14995
_d14995